LEADER 01093nam--2200361---450- 001 990006050760203316 005 20150619124838.0 010 $a84-500-8343-5 035 $a000605076 035 $aUSA01000605076 035 $a(ALEPH)000605076USA01 035 $a000605076 100 $a20150617d1983----km-y0itay50------ba 101 $aspa 102 $aSP 105 $aa---||||001yy 200 1 $aPlans i Projectes per a Barcelona 1981/1982 205 $a2. ed. 210 $aBarcelona$cAjuntament de Barcelona-Àrea d'Urbanisme$dcopyr. 1983 215 $a297 p.$cill.$d30x30 cm 607 $aBarcellona$xPianificazione urbanistica$2BNCF 676 $a711.4094672 801 0$aIT$bsalbc$gISBD 912 $a990006050760203316 951 $a711.409 PLA$b760 Crd.$c711$d00330920 959 $aBK 969 $aCRD 979 $aPAOLA$b90$c20150617$lUSA01$h1715 979 $aPAOLA$b90$c20150617$lUSA01$h1717 979 $aPAOLA$b90$c20150619$lUSA01$h1248 979 $aPAOLA$b90$c20150619$lUSA01$h1248 996 $aPlans i Projectes per a Barcelona 1981$91076763 997 $aUNISA LEADER 03093 am 2200745 n 450 001 9910311947103321 005 20181217 010 $a979-1-03-440471-1 024 7 $a10.4000/books.pus.6120 035 $a(CKB)4100000007702302 035 $a(FrMaCLE)OB-pus-6120 035 $a(oapen)https://directory.doabooks.org/handle/20.500.12854/50834 035 $a(PPN)234838272 035 $a(EXLCZ)994100000007702302 100 $a20190226j|||||||| ||| 0 101 0 $afre 135 $auu||||||m|||| 181 $ctxt$2rdacontent 182 $cc$2rdamedia 183 $acr$2rdacarrier 200 10$aJeu d?acteurs $eCorps et gestes au cinéma /$fChristophe Damour 210 $aStrasbourg $cPresses universitaires de Strasbourg$d2018 215 $a1 online resource (208 p.) 311 $a2-86820-957-2 330 $aComment aborder les films à partir du jeu de l?acteur, cet art si singulier du corps et des gestes au cinéma ? De la gestique transgressive de Greta Garbo à la gestuaire subversive de Marlon Brando ; de la neutralité de Tadanobu Asano à la volubilité d?Emmanuelle Devos ; de l?histrionisme de Johnny Depp au jeu de dos de Wu Nien-jen ; de la fossette de Stephen Boyd à celle plus « exposée » de Cary Grant ; des cris de Fay Wray aux larmes de Stefania Sandrelli ; de la « féline » Sigourney Weaver à la « louve » Anna Magnani? Ce volume présente une série d?études actorales, analyses ontologiques et stylistiques de certaines stratégies gestuelles et formes d?expression corporelles puisées dans un corpus éclectique, au sein de différents genres et à l?intérieur de cinématographies aussi bien occidentales qu?asiatiques, à l?échelle de longues filmographies ou au c?ur d?un seul film, chez des stars ou des acteurs moins connus, d?hier et d?aujourd?hui. 606 $aFilm Radio Television 606 $acinéma 606 $aacteur 606 $astar 606 $acorps 606 $ageste 606 $ajeu 610 $astar 610 $acinéma 610 $ajeu 610 $ageste 610 $acorps 610 $aacteur 615 4$aFilm Radio Television 615 4$acinéma 615 4$aacteur 615 4$astar 615 4$acorps 615 4$ageste 615 4$ajeu 700 $aAmiel$b Vincent$0560093 701 $aBenoist$b Sophie$01309070 701 $aBrenez$b Nicole$0780839 701 $aCieutat$b Michel$01309071 701 $aDamour$b Christophe$01309072 701 $aFossard-de Almeida$b Aurore$01309073 701 $aGuido$b Laurent$01283987 701 $aHallé$b Esther$01309074 701 $aJuan$b Myriam$01309075 701 $aLe Caïnec$b Yola$01309076 701 $aSaffar$b Patrick$01309077 701 $aThomas$b Benjamin$0388444 701 $aValmary$b Hélène$01309078 701 $aViviani$b Christian$01298798 701 $aDamour$b Christophe$01309072 801 0$bFR-FrMaCLE 906 $aBOOK 912 $a9910311947103321 996 $aJeu d?acteurs$93029290 997 $aUNINA